| 000 | 00982 a2200217 4500 | ||
|---|---|---|---|
| 020 | _a0028028651 | ||
| 020 | _a9780028028651 | ||
| 082 | 0 | 4 | _a346 |
| 090 |
_c1138 _d1138 |
||
| 100 | 1 | _aBrown, Gordon W. | |
| 245 | 1 | 0 |
_aBusiness law with ucc applications / _cGordon W. Brown. |
| 250 | _a9th ed. | ||
| 260 |
_a[S.l.] : _bMcGraw-Hill/Irwin, _c1996. |
||
| 300 |
_a800 p. ; _c27 cm. |
||
| 500 | _aHardcover. | ||
| 520 | _aThe new edition of this well-received text includes the same format and cogent writing style as the previous edition but with updated information to reflect the many recent changes in the legal field. A comprehensive package of materials is also available to meet the needs of instructors and students. | ||
| 700 | 1 | _aSukys, Paul A. | |
| 856 | 4 | 0 |
_3Amazon.com _uhttp://www.amazon.com/exec/obidos/ASIN/0028028651/chopaconline-20 |
| 856 | 4 | 0 |
_3Amazon customer reviews _uhttp://www.chopac.org/cgi-bin/tools/azrev.pl?q=0028028651 |
| 942 |
_aNBS _cBK _k346.7307 BRO |
||
| 999 |
_c343668 _d343668 |
||